000 01488nam0a2200337 4500
001 RU\NLR\bibl\1828956
005 20260405185858.0
010 _a978-5-209-04084-2
_9100
021 _aRU
_b2011-78485
_95588
035 _a(NLR Aleph) 001819470
090 _a1985076
_c1985076
100 _a20111102d2011 |||y0rusy50 ca
101 0 _arus
102 _aRU
105 _ay |||||||||
200 1 _aОсновы права
_eучебное пособие
_f[А.М. Волков, к.ю.н., доц. и др.]
210 _aМосква
_cРоссийский университет дружбы народов
_d2011
215 _a405 с.
_d21
320 _aБиблиогр.: с. 400-405 (26 назв.) и в подстроч. примеч.
606 1 _aПраво
_jУчебные издания для высших учебных заведений
_xТеория
_91132203
_3RU\NLR\auth\66130636
606 1 _aПраво
_jУчебные издания для высших учебных заведений
_yРоссийская Федерация
_92070216
_3RU\NLR\auth\661244932
686 _aХ0я73
686 _aХ62я73
702 1 _4220
_8rus
_7ca
_aВолков
_bА. В.
_cканд. техн. наук, канд. юрид. наук
_gАлександр Михайлович
_3RU\NLR\auth\7782122
_965050
801 0 _aRU
_bNLR
_c20111102
_gRCR
801 1 _aRU
_bNLR
_c20111102
830 _aсост. по кн.
942 _cBOOK
980 _aNB
980 _aNBR